000 00644nam a2200205 i 4500
001 32562
003 ES-MaACL
007 t|
008 030131s1974 sp ||||1| spa d
100 1 _aBertalanffy, Ludwig von.
_928419
245 1 0 _aRobots, hombres y mentes
_b: la psicología en el mundo moderno /
_cL. von Bertalanffy ; [traductor, Fernando Calleja].
250 _a[2ª ed.].
260 _aMadrid :
_bGuadarrama,
_c1974.
300 _a189 p. ;
_c17 cm.
490 1 _aPunto Omega ;
_v129
700 1 _aCalleja, Fernando.
_933715
830 0 _aPunto Omega ;
_v129
_9180707
852 _aES-MaACL
_jE-6219
_bR.90300
999 _c32562
_d32562